000 00698nam a2200253 i 4500
001 C2-0149078
003 PPAK
005 20180727131645.0
008 980323s1996 xxka|||| ||||| | eng d
020 _a0855328053
040 _aPPAK
_beng
_cPPAK
_erda
082 0 4 _a694.2
_223
090 0 0 _a694.2
_bBYF
_dR
100 1 _aByford, Moyra,
_eauthor
245 1 0 _aFraming
264 1 _aTumbridge Wells, Kent :
_bSearch Press ,
_c1996
300 _a79 pages :
_bcolour illustrations ;
_c26 cm
336 _2rdacontent
_atext
337 _2rdamedia
_aunmediated
338 _2rdacarrier
_avolume
500 _aIncludes index
650 1 0 _aPicture frames and framing - Technique
942 _ddc
_cB
999 _c47098
_d47098